000 01341cam a22002054a 4500
005 20250605164039.0
008 250528s ||||||||||||||||||||||||d
035 _a16936
020 _a73107263
040 _aGR-AtMCL
_bgre
_dGR-AtMCL
_eAACR2
245 1 _aHealth Psychology / Sixth Edition
250 _a6th
260 _bMcgraw Hill,
_c2006
300 _a562
520 _aA text that conveys the increasing sophistication and complexity of the connection between the mind and the body in an accessible and exciting manner. Preface, Introduction to Health Psychology, What is Health Psychology?, The Systems of the Body, Health Behavior and Primary Prevention, Health Behaviors, Health-Enhancing Behaviors, Health-Compromising Behaviors, Stress and Coping, Stress, The Patient in the Treatment Setting, Using Health Services, Patient-Provider Relations, Pain and Its Management, Management of Chronic and Terminal Illness, Management of Chronic Illness, Psychological Issues in Advancing and Terminal Illness, Heart Disease and Hypertension and Stroke and Diabetes, Psychoneuroimmunology and AIDS and Cancer and Arthritics, Toward the Future, Health Psychology: Challenges for the Future, Glossary, References, Name and Subject Index.
700 1 _aTaylor Shelley E
_9585
942 _cBK
999 _c2380
_d2380